<?xml version="1.0" encoding="UTF-8"?>
<collection xmlns="http://www.loc.gov/MARC21/slim">
 <record>
  <leader>01859nam a2200241Ia 4500</leader>
  <controlfield tag="001">CTU_133477</controlfield>
  <controlfield tag="008">210402s9999    xx            000 0 und d</controlfield>
  <datafield tag="020" ind1=" " ind2=" ">
   <subfield code="c">1279000</subfield>
  </datafield>
  <datafield tag="082" ind1=" " ind2=" ">
   <subfield code="a">690.22</subfield>
  </datafield>
  <datafield tag="082" ind1=" " ind2=" ">
   <subfield code="b">W632</subfield>
  </datafield>
  <datafield tag="100" ind1=" " ind2=" ">
   <subfield code="a">Wible, Robert C.</subfield>
  </datafield>
  <datafield tag="245" ind1=" " ind2="0">
   <subfield code="a">Architectural security codes and guidelines :</subfield>
  </datafield>
  <datafield tag="245" ind1=" " ind2="0">
   <subfield code="b">Best practices for today’s construction challenges</subfield>
  </datafield>
  <datafield tag="245" ind1=" " ind2="0">
   <subfield code="c">Robert C. Wible</subfield>
  </datafield>
  <datafield tag="260" ind1=" " ind2=" ">
   <subfield code="a">New York</subfield>
  </datafield>
  <datafield tag="260" ind1=" " ind2=" ">
   <subfield code="b">McGraw-Hill</subfield>
  </datafield>
  <datafield tag="260" ind1=" " ind2=" ">
   <subfield code="c">c2007</subfield>
  </datafield>
  <datafield tag="520" ind1=" " ind2=" ">
   <subfield code="a">This practical resource is written for building owners, architects, engineers, construction managers, and other building professionals who must meet today's urgent security needs. The resource to provide such on-the-job guidance, Architectural Security Codes and Guidelines defines all relevant issues, including the environment, sustainability, energy, information technology, changing demographics, safety vs. affordability, and much more, and outlines the roles and responsibilities of all participants. The content is included: Provides step-by-step “best practices” guidelines and at-a-glance checklists for disaster preparation, mitigation, response, and recovery; fully addresses topics such as risk-threat assessments, recommended HVAC systems and emergency generators…how to ensure that the elderly/handicapped can exit buildings quickly and safely…more, and lists the newest technologies and materials relevant to creating more secure structures…explains their advantages and disadvantages…tells how to incorporate them into new construction and/or use them for retrofitting.</subfield>
  </datafield>
  <datafield tag="650" ind1=" " ind2=" ">
   <subfield code="a">Buildings,Buildings,Xây dựng,Xây dựng</subfield>
  </datafield>
  <datafield tag="650" ind1=" " ind2=" ">
   <subfield code="x">Security measures,Specifications,Chi tiết kỹ thuật</subfield>
  </datafield>
  <datafield tag="650" ind1=" " ind2=" ">
   <subfield code="y">Đánh giá về an ninh</subfield>
  </datafield>
  <datafield tag="904" ind1=" " ind2=" ">
   <subfield code="i">Trọng Hiếu</subfield>
  </datafield>
  <datafield tag="980" ind1=" " ind2=" ">
   <subfield code="a">Trung tâm Học liệu Trường Đại học Cần Thơ</subfield>
  </datafield>
 </record>
</collection>
